Integral calculus and vector calculus / (Record no. 23260)

MARC details
000 -LEADER
fixed length control field 01026nam a22002417a 4500
008 - FIXED-LENGTH DATA ELEMENTS--GENERAL INFORMATION
fixed length control field 090209t xxu||||| |||| 00| 0 eng d
010 ## - LCCN (DPL NO)
LC control number ENG-92899
020 ## - INTERNATIONAL STANDARD BOOK NUMBER
Terms of availability 310.00
035 ## - SYSTEM CONTROL NUMBER
System control number EN-76432
037 ## - SOURCE OF ACQUISITION
Source of stock number/acquisition DBAD / PUB
040 ## - CATALOGING SOURCE
Original cataloging agency dpl
Language of cataloging English
082 ## - DEWEY DECIMAL CLASSIFICATION NUMBER
Classification number 515.43
100 ## - MAIN ENTRY--PERSONAL NAME
Personal name Selvi, K. Tamil
245 ## - TITLE STATEMENT
Title Integral calculus and vector calculus /
Statement of responsibility, etc by K Tamil Selvi
260 ## - PUBLICATION, DISTRIBUTION, ETC. (IMPRINT)
Place of publication, distribution, etc Chennai
Name of publisher, distributor, etc Nivethita Pubications
Date of publication, distribution, etc 2005
270 ## - ADDRESS
Address No. 1, 3rd Floor, Pudur, 13th Street, Ashok Nagar,
City Chennai
Postal code 83
300 ## - PHYSICAL DESCRIPTION
Extent 620p.
Dimensions 21cm (pbk)
500 ## - GENERAL NOTE
General note Includes references
650 ## - SUBJECT ADDED ENTRY--TOPICAL TERM
Topical term or geographic name as entry element Calculus, Integral.
942 ## - ADDED ENTRY ELEMENTS (KOHA)
Source of classification or shelving scheme Dewey Decimal Classification
Item type English Books
Call number suffix SEL
Classification part 515.43
Holdings
Withdrawn status Lost status Source of classification or shelving scheme Damaged status Not for loan Collection code Home library Current library Date acquired Source of acquisition Cost, normal purchase price Total Checkouts Full call number Barcode Date last seen Copy number Cost, replacement price Koha item type Total Renewals
    Dewey Decimal Classification   Not For Loan Non-fiction D.B.Act.Division D.B.Act.Division 09/02/2009 DBAD / PUB 310.00   515.43 SEL EN-76432 09/02/2009 1 310.00 English Books  
    Dewey Decimal Classification     Non-fiction Vinoba Puri Vinoba Puri 05/03/2009   310.00 11 515.43 SEL B-317788 28/09/2010 1 310.00 English Books 7

© Delhi Public Library
Hit Counter
free hit counter